Meteorología aeronáutica / (Record no. 120449)

MARC details
000 -LEADER
campo de control de longitud fija 00548nam a2200169 4500
001 - NÚMERO DE CONTROL
campo de control 120449
003 - IDENTIFICADOR DE NÚMERO DE CONTROL
campo de control ES-MaACL
005 - FECHA Y HORA DE LA ÚLTIMA TRANSACCIÓN
campo de control 20230906191544.0
007 - CAMPO FIJO DE DESCRIPCIÓN FÍSICA--INFORMACIÓN GENERAL
campo de control de longitud fija t|
008 - DATOS DE LONGITUD FIJA--INFORMACIÓN GENERAL
campo de control de longitud fija 070214s1942 sp r ||||1| spa d
100 1# - ENTRADA PRINCIPAL--NOMBRE DE PERSONA
Nombre de persona Pita Suárez-Cobián, Pío.
9 (RLIN) 92400
245 10 - MENCIÓN DEL TÍTULO
Título Meteorología aeronáutica /
Mención de responsabilidad, etc. por Pío Pita Suárez-Cobián y José Mª Lorente Pérez.
260 ## - PUBLICACIÓN, DISTRIBUCIÓN, ETC.
Lugar de publicación, distribución, etc. Madrid :
Nombre del editor, distribuidor, etc. S.A.E.T.A.,
Fecha de publicación, distribución, etc. 1942.
300 ## - DESCRIPCIÓN FÍSICA
Extensión XI, 243 p., 4 lám. :
Otras características físicas il. ;
Dimensiones 25 cm.
700 1# - ENTRADA AGREGADA--NOMBRE PERSONAL
Nombre de persona Lorente Pérez, José María.
9 (RLIN) 74121
852 ## - LOCALIZACIÓN
Ubicación ES-MaACL
Número de control de estantería D-7161
Sublocalización o colección R.30652
Holdings
Estatus retirado Estado de pérdida Estado de daño No para préstamo Biblioteca de origen Biblioteca actual Ubicación en estantería Fecha de adquisición Fuente de adquisición Total de préstamos Signatura topográfica completa Código de barras Visto por última vez Precio de reemplazo Tipo de ítem Koha
        Biblioteca del Ateneo de Madrid Biblioteca del Ateneo de Madrid Sala Valle Inclán 17/01/2008     D-7161 901125550 23/02/2023 23/02/2023 Libro impreso